00440nam a22001457a 450000500170000001000150001702000260003203500140005803700130007208200170008510000220010224500970012426000510022130000220027220170501124159.0 aENG-117995 a9789351950554c350.00 aEN-101527 bDBAD/PUB a364.15230954 aChangoiwala, Puja aThe front page murders:binside the serial killings that shocked india/cby Puja Changoiwala aGurgaonbHachette Books Publishing Indiac2016 a322p.c22cm.(pbk)